[Event "AUT-chT2W 2324"]
[Site "Austria"]
[Date "2023.10.01"]
[Round "3.1"]
[White "Schlosser, Philipp"]
[Black "Matt, Stefan"]
[Result "1/2-1/2"]
[WhiteElo "2503"]
[BlackElo "2200"]
[PlyCount "81"]
[EventDate "2023.09.29"]
[EventType "team-tourn"]
[EventRounds "11"]
[EventCountry "AUT"]
[SourceTitle "CBM 216 Extra"]
[Source "ChessBase"]
[SourceDate "2023.11.30"]
[SourceVersion "1"]
[SourceVersionDate "2023.11.30"]
[SourceQuality "1"]
[WhiteTeam "Jenbach II"]
[BlackTeam "Pradl"]
[WhiteTeamCountry "AUT"]
[BlackTeamCountry "AUT"]

1. d4 f5 2. c4 Nf6 3. Nc3 g6 4. f3 Bg7 5. e4 fxe4 6. fxe4 0-0 7. Nf3 d6 8. Be2 Nh5 9. g3 c6 10. Be3 Nf6 11. h3 Qa5 12. Qd2 a6 13. a3 b5 14. 0-0-0 b4 15. axb4 Qxb4 16. Bh6 a5 17. Bxg7 Kxg7 18. Ne1 Ba6 19. e5 dxe5 20. Nd3 Qxc4 21. Nc5 Qg8 22. dxe5 Nd5 23. Bg4 Bc8 24. Nxd5 cxd5 25. e6 Na6 26. Qxd5 Nxc5 27. Qxc5 Kh8 28. Qxe7 Qg7 29. Qa3 Re8 30. Rd6 Ra7 31. Rhd1 h5 32. Bf3 Bxe6 33. Bc6 Ree7 34. Be4 Bf7 35. R1d4 Rec7+ 36. Kd2 Qe5 37. h4 Re7 38. Qe3 Kg7 39. Qf4 Qxf4+ 40. gxf4 a4 41. f5 1/2-1/2

[Event "AUT-chT2W 2223"]
[Site "Austria"]
[Date "2022.09.25"]
[Round "3.2"]
[White "Matt, Stefan"]
[Black "Tica, Sven"]
[Result "0-1"]
[WhiteElo "2203"]
[BlackElo "2436"]
[PlyCount "108"]
[EventDate "2022.09.23"]
[EventType "team-tourn"]
[EventRounds "11"]
[EventCountry "AUT"]
[SourceTitle "CBM 210 Extra"]
[Source "ChessBase"]
[SourceDate "2022.11.30"]
[SourceVersion "1"]
[SourceVersionDate "2022.11.30"]
[SourceQuality "1"]
[WhiteTeam "Pradl"]
[BlackTeam "Absam"]
[WhiteTeamCountry "AUT"]
[BlackTeamCountry "AUT"]

1. e4 g6 2. d4 Bg7 3. Nc3 a6 4. Be3 b5 5. Qd2 Bb7 6. f3 d6 7. 0-0-0 Nd7 8. g4 c5 9. dxc5 dxc5 10. Nd5 e6 11. Nf4 Qc7 12. h4 Ne7 13. Qd6 Qxd6 14. Rxd6 Nc6 15. Rd1 Nce5 16. Be2 Rc8 17. Ngh3 Nb6 18. Kb1 Na4 19. Bc1 Bc6 20. h5 Nc4 21. Nd3 Na3+ 22. Ka1 Nxc2+ 23. Kb1 Nd4 24. Rh2 c4 25. Nb4 Bb7 26. h6 Be5 27. f4 Bxe4+ 28. Ka1 Nxe2 29. fxe5 Nxc1 30. Rxc1 a5 31. Ng5 Bb7 32. Nc2 Rd8 33. Rf2 0-0 34. Rcf1 Rd7 35. Nxe6 Re8 36. Ng5 Bd5 37. e6 Bxe6 38. Ne4 Red8 39. Nf6+ Kf8 40. Nxd7+ Rxd7 41. Ne3 Rd3 42. Ng2 g5 43. Re1 Bxg4 44. Ne3 Be6 45. Nf5 c3 46. bxc3 Nxc3 47. Ng7 Ke7 48. Nxe6 fxe6 49. Rg2 b4 50. Kb2 Rh3 51. Rxg5 a4 52. Rg2 Nd5 53. Ree2 a3+ 54. Kc1 b3 0-1

[Event "AUT-chT2W 2223"]
[Site "Austria"]
[Date "2022.09.24"]
[Round "2.3"]
[White "Matt, Stefan"]
[Black "Reich, Thomas"]
[Result "1/2-1/2"]
[WhiteElo "2203"]
[BlackElo "2357"]
[PlyCount "62"]
[EventDate "2022.09.23"]
[EventType "team-tourn"]
[EventRounds "11"]
[EventCountry "AUT"]
[SourceTitle "CBM 210 Extra"]
[Source "ChessBase"]
[SourceDate "2022.11.30"]
[SourceVersion "1"]
[SourceVersionDate "2022.11.30"]
[SourceQuality "1"]
[WhiteTeam "Pradl"]
[BlackTeam "Jenbach II"]
[WhiteTeamCountry "AUT"]
[BlackTeamCountry "AUT"]

1. e4 c5 2. Nc3 g6 3. f4 Bg7 4. Nf3 Nc6 5. Bb5 Nd4 6. 0-0 e6 7. e5 a6 8. Bd3 Nxf3+ 9. Qxf3 d5 10. exd6 Nf6 11. b3 0-0 12. a4 a5 13. Ba3 Qxd6 14. Nb5 Qd5 15. Qxd5 Nxd5 16. Bxc5 Bxa1 17. Bxf8 Kxf8 18. Rxa1 Nxf4 19. Be4 f5 20. Bf3 Ke7 21. Re1 g5 22. g3 Nh3+ 23. Kf1 g4 24. Bg2 Ng5 25. Re5 Rb8 26. Rc5 b6 27. Rc7+ Kf6 28. c4 Ba6 29. Nc3 Rd8 30. Ke2 Nf3 31. Bxf3 gxf3+ 1/2-1/2

[Event "AUT-chT2W 1718"]
[Site "Austria"]
[Date "2017.10.14"]
[Round "2.5"]
[White "Matt, Stefan"]
[Black "Tabernig, Bernhard"]
[Result "1-0"]
[WhiteElo "2151"]
[BlackElo "2328"]
[PlyCount "83"]
[EventDate "2017.10.13"]
[EventType "team-tourn"]
[EventRounds "11"]
[EventCountry "AUT"]
[SourceTitle "CBM 181 Extra"]
[Source "ChessBase"]
[SourceDate "2017.12.12"]
[SourceVersion "1"]
[SourceVersionDate "2017.12.12"]
[SourceQuality "1"]
[WhiteTeam "Pradl"]
[BlackTeam "Zillertal"]
[WhiteTeamCountry "AUT"]
[BlackTeamCountry "AUT"]

1. e4 e6 2. d4 d5 3. Nc3 Nf6 4. Bg5 dxe4 5. Nxe4 Be7 6. Bxf6 gxf6 7. Nf3 f5 8. Nc3 a6 9. Qe2 Qd6 10. g3 b5 11. Bg2 Bb7 12. 0-0 Nd7 13. Rfe1 Nf6 14. Rad1 Nd5 15. Nxd5 Bxd5 16. Ne5 0-0 17. Bxd5 Qxd5 18. c4 bxc4 19. Qxc4 Qxc4 20. Nxc4 Rfd8 21. Re2 Bf6 22. Red2 Rd5 23. Ne3 Rd7 24. d5 Rad8 25. b3 Bc3 26. Rd3 Ba5 27. dxe6 Rxd3 28. Rxd3 Re8 29. e7 f6 30. Nxf5 Kf7 31. Rd8 Bb4 32. Rxe8 Kxe8 33. Kg2 Bxe7 34. Nxe7 Kxe7 35. Kf3 Ke6 36. Kf4 c5 37. g4 a5 38. Ke4 h6 39. f4 f5+ 40. gxf5+ Kf6 41. a4 h5 42. h4 1-0

[Event "AUT-chT2W 1516"]
[Site "Austria"]
[Date "2015.10.18"]
[Round "3.3"]
[White "Matt, Stefan"]
[Black "Wachinger, Guenther"]
[Result "1/2-1/2"]
[WhiteElo "2094"]
[BlackElo "2233"]
[PlyCount "62"]
[EventDate "2015.10.16"]
[EventType "team-tourn"]
[EventRounds "11"]
[EventCountry "AUT"]
[SourceTitle "CBM 168 Extra"]
[Source "ChessBase"]
[SourceDate "2015.10.29"]
[SourceVersion "1"]
[SourceVersionDate "2015.10.29"]
[SourceQuality "1"]
[WhiteTeam "Pradl"]
[BlackTeam "Voels/Innsbruck"]
[WhiteTeamCountry "AUT"]
[BlackTeamCountry "AUT"]

1. b3 e5 2. Bb2 d6 3. e3 Nf6 4. Nf3 g6 5. d4 e4 6. Nfd2 Bg7 7. c4 0-0 8. Nc3 Re8 9. h3 h5 10. Be2 c6 11. Qc2 Qe7 12. Rg1 a6 13. g4 hxg4 14. hxg4 g5 15. a4 a5 16. d5 Na6 17. Nf1 Nb4 18. Qd2 Nd7 19. Na2 Nxa2 20. Bxg7 Kxg7 21. Ng3 Nc5 22. Qxa2 Qe5 23. 0-0-0 Ra6 24. Qb2 Rb6 25. Qxe5+ Rxe5 26. dxc6 Rxc6 27. Kc2 Rb6 28. Rb1 Be6 29. Rgd1 Na6 30. Rd4 Nb4+ 31. Kb2 d5 1/2-1/2

[Event "AUT-chT2W 1516"]
[Site "Austria"]
[Date "2015.10.16"]
[Round "1.4"]
[White "Hengl, Christian"]
[Black "Matt, Stefan"]
[Result "1-0"]
[WhiteElo "2245"]
[BlackElo "2094"]
[PlyCount "97"]
[EventDate "2015.10.16"]
[EventType "team-tourn"]
[EventRounds "11"]
[EventCountry "AUT"]
[SourceTitle "CBM 168 Extra"]
[Source "ChessBase"]
[SourceDate "2015.10.29"]
[SourceVersion "1"]
[SourceVersionDate "2015.10.29"]
[SourceQuality "1"]
[WhiteTeam "Rochade Rum"]
[BlackTeam "Pradl"]
[WhiteTeamCountry "AUT"]
[BlackTeamCountry "AUT"]

1. e4 e6 2. d4 d5 3. e5 c5 4. c3 Nc6 5. Nf3 Qb6 6. a3 c4 7. g3 Bd7 8. Bg2 Na5 9. Nbd2 Ne7 10. 0-0 Qc7 11. Ng5 Nc8 12. Qh5 g6 13. Qf3 Ba4 14. Qf6 Rg8 15. Nxh7 Be7 16. Qf3 Nb6 17. Qe2 0-0-0 18. f4 Rg7 19. Nf6 Nd7 20. Ng4 Rh8 21. Ne3 Qb6 22. Nf3 Kb8 23. Rb1 Nb3 24. Bd2 Rgh7 25. Be1 Qd8 26. g4 Nf8 27. Bg3 Ka8 28. Rf2 Bd7 29. Rbf1 f6 30. exf6 Bxf6 31. Ng5 Rg7 32. h4 Be7 33. Qf3 Nh7 34. Re1 Nxg5 35. fxg5 Rf8 36. Qe2 Rgf7 37. Rxf7 Rxf7 38. Nf1 Qf8 39. Nd2 Nxd2 40. Qxd2 Bd6 41. Bxd6 Qxd6 42. Re5 Qf8 43. h5 Kb8 44. Re2 Kc7 45. Rf2 Kd8 46. h6 Ke7 47. Rxf7+ Qxf7 48. Qe3 Bc6 49. Qe5 1-0

[Event "AUT-chT2W 1314"]
[Site "Austria"]
[Date "2013.10.19"]
[Round "2.4"]
[White "Matt, Stefan"]
[Black "Tabernig, Bernhard"]
[Result "0-1"]
[WhiteElo "2077"]
[BlackElo "2327"]
[PlyCount "84"]
[EventDate "2013.10.18"]
[EventType "team-tourn"]
[EventRounds "11"]
[EventCountry "AUT"]
[SourceTitle "EXT 2014"]
[Source "ChessBase"]
[SourceDate "2013.11.20"]
[SourceVersion "1"]
[SourceVersionDate "2013.11.20"]
[SourceQuality "1"]
[WhiteTeam "Pradl"]
[BlackTeam "Zillertal"]
[WhiteTeamCountry "AUT"]
[BlackTeamCountry "AUT"]

1. e4 e6 2. d4 d5 3. Nc3 Nf6 4. Bg5 dxe4 5. Nxe4 Be7 6. Bxf6 gxf6 7. Nf3 f5 8. Nc3 a6 9. Qd2 b5 10. 0-0-0 b4 11. Ne2 Bb7 12. Kb1 Nd7 13. Ng3 Nf6 14. Bc4 Bxf3 15. gxf3 c6 16. Qh6 Nd5 17. Nxf5 Bg5 18. Ng7+ Kd7 19. Qh5 Qf6 20. Rhg1 h6 21. Bxd5 cxd5 22. Qh3 Qxg7 23. f4 Qf6 24. fxg5 hxg5 25. Qb3 a5 26. Qa4+ Ke7 27. Qb5 Qf4 28. Rge1 Kf6 29. Qb7 Rab8 30. Qa7 Rxh2 31. Qxa5 Rxf2 32. Qa6 g4 33. Qd3 Qf5 34. Qb3 Rc8 35. Rc1 Rc4 36. Qa4 g3 37. Re5 Qf4 38. Qe8 Rxd4 39. Rce1 Re4 40. R5xe4 Qxe4 41. Qd8+ Kf5 42. Rc1 g2 0-1

[Event "Donau op 19th"]
[Site "Aschach"]
[Date "2010.12.26"]
[Round "1"]
[White "Mazi, Leon"]
[Black "Matt, Stefan"]
[Result "1-0"]
[WhiteElo "2375"]
[BlackElo "2075"]
[PlyCount "97"]
[EventDate "2010.12.26"]
[EventType "swiss"]
[EventRounds "7"]
[EventCountry "AUT"]
[SourceTitle "CBM 140 Extra"]
[Source "ChessBase"]
[SourceDate "2011.03.01"]
[SourceVersion "1"]
[SourceVersionDate "2011.03.01"]
[SourceQuality "1"]

1. e4 e6 2. d3 d5 3. Nd2 Nf6 4. Ngf3 c5 5. g3 b6 6. Bg2 Bb7 7. 0-0 Be7 8. Re1 Nc6 9. c3 Qc7 10. Qe2 0-0-0 11. Nf1 d4 12. e5 Nd5 13. c4 Ndb4 14. a3 Na6 15. Rb1 h6 16. h4 Rhg8 17. N1h2 Qd7 18. Bd2 Nc7 19. b4 Rde8 20. b5 Nd8 21. a4 f5 22. exf6 gxf6 23. Bxh6 Bd6 24. a5 Qh7 25. axb6 axb6 26. Bc1 e5 27. Ra1 e4 28. Bh3+ Kb8 29. Qa2 Na8 30. dxe4 Rxe4 31. Rxe4 Qxe4 32. Bg2 Kc7 33. Bd2 Qd3 34. Ne1 Qg6 35. Qb3 Bxg2 36. Kxg2 Qe4+ 37. Qf3 Qxf3+ 38. Kxf3 Kb7 39. Nd3 Nf7 40. Ng4 Ne5+ 41. Ngxe5 fxe5 42. Re1 Rf8+ 43. Kg2 Re8 44. Bf4 e4 45. Bxd6 exd3 46. Rd1 Re2 47. h5 Nc7 48. Bxc7 Kxc7 49. Rxd3 1-0

[Event "St Veit op-A 29th"]
[Site "St Veit"]
[Date "2010.07.16"]
[Round "7"]
[White "Matt, Stefan"]
[Black "Praznik, Anton"]
[Result "0-1"]
[WhiteElo "2076"]
[BlackElo "2214"]
[PlyCount "122"]
[EventDate "2010.07.10"]
[EventType "swiss"]
[EventRounds "9"]
[EventCountry "AUT"]
[SourceTitle "CBM 137 Extra"]
[Source "ChessBase"]
[SourceDate "2010.09.01"]
[SourceVersion "1"]
[SourceVersionDate "2010.09.01"]
[SourceQuality "1"]

1. e4 e6 2. d4 d5 3. Nc3 Bb4 4. e5 b6 5. a3 Bxc3+ 6. bxc3 Qd7 7. a4 Ba6 8. Bxa6 Nxa6 9. Qd3 Nb8 10. Nf3 Nc6 11. 0-0 Na5 12. Nd2 Ne7 13. Ba3 Nec6 14. f4 g6 15. Rfd1 Rd8 16. Qe3 Ra8 17. Qd3 h5 18. Qe2 h4 19. Rf1 Ne7 20. Bxe7 Kxe7 21. Rf3 Rac8 22. Qe3 Kf8 23. g4 hxg3 24. Rxg3 Rh5 25. Rh3 Rxh3 26. Qxh3 Kg7 27. Qh4 Qd8 28. Qxd8 Rxd8 29. Kf2 Rc8 30. Ke3 Rh8 31. Nf3 Nc4+ 32. Ke2 Rc8 33. Kd3 Rh8 34. Ke2 Rh3 35. Re1 Kf8 36. Ra1 Ke7 37. Ra2 Kd7 38. Kf2 Rh5 39. Ra1 Rh8 40. Ke2 a5 41. h4 Rh5 42. Kf2 Rh8 43. Rh1 c6 44. Rb1 Rb8 45. Ke2 b5 46. Ne1 Kc7 47. axb5 cxb5 48. Nd3 Kc6 49. Ra1 Rh8 50. Rh1 a4 51. Nb4+ Kd7 52. Kf3 Nd2+ 53. Kg2 Ne4 54. Na2 Rc8 55. Rh3 b4 56. Nxb4 Rxc3 57. Rxc3 Nxc3 58. Na6 a3 59. Nc5+ Kc6 60. Nb3 a2 61. Kf3 Kb5 0-1

[Event "St Veit op-A 29th"]
[Site "St Veit"]
[Date "2010.07.10"]
[Round "1"]
[White "Matt, Stefan"]
[Black "Kiss, Attila"]
[Result "0-1"]
[WhiteElo "2076"]
[BlackElo "2359"]
[PlyCount "66"]
[EventDate "2010.07.10"]
[EventType "swiss"]
[EventRounds "9"]
[EventCountry "AUT"]
[SourceTitle "CBM 137 Extra"]
[Source "ChessBase"]
[SourceDate "2010.09.01"]
[SourceVersion "1"]
[SourceVersionDate "2010.09.01"]
[SourceQuality "1"]

1. e4 c5 2. Nc3 a6 3. f4 b5 4. Nf3 Bb7 5. d3 e6 6. g3 d5 7. e5 Nh6 8. Bg2 Nf5 9. 0-0 h5 10. Ne2 Nc6 11. c3 d4 12. Ng5 dxc3 13. bxc3 Qd7 14. Qc2 Be7 15. Ne4 0-0 16. Rb1 Rfe8 17. Nf2 Rac8 18. h3 b4 19. Kh2 bxc3 20. Qxc3 Ba8 21. Be4 Ncd4 22. Qb2 h4 23. g4 Nxe2 24. gxf5 Ng3 25. Rg1 exf5 26. Bxa8 Rxa8 27. Be3 Rac8 28. Rgc1 Kf8 29. Qb7 Rc7 30. Qxa6 Qd5 31. Qa5 Rc6 32. Qa4 Qf3 33. Re1 Rg6 0-1

[Event "Donau op 18th"]
[Site "Aschach"]
[Date "2009.12.26"]
[Round "1"]
[White "Matt, Stefan"]
[Black "Faibisovich, Vadim Z"]
[Result "0-1"]
[WhiteElo "2072"]
[BlackElo "2414"]
[PlyCount "42"]
[EventDate "2009.12.26"]
[EventType "swiss"]
[EventRounds "7"]
[EventCountry "AUT"]
[SourceTitle "CBM 134 Extra"]
[Source "ChessBase"]
[SourceDate "2010.03.03"]
[SourceVersion "1"]
[SourceVersionDate "2010.03.03"]
[SourceQuality "1"]

1. e4 c5 2. Nc3 Nc6 3. f4 e6 4. Nf3 Nge7 5. Bb5 a6 6. Bxc6 Nxc6 7. 0-0 Be7 8. d3 0-0 9. e5 d5 10. exd6 Qxd6 11. Ne4 Qc7 12. Qe1 Nd4 13. Qf2 Nxf3+ 14. Qxf3 Bd7 15. Bd2 f5 16. Ng5 h6 17. Qh5 hxg5 18. fxg5 Qe5 19. Rae1 Qd4+ 20. Kh1 Qg4 21. Qg6 Rf6 0-1

[Event "St Veit op-A 28th"]
[Site "St Veit"]
[Date "2009.07.18"]
[Round "8"]
[White "Franz, Karsten"]
[Black "Matt, Stefan"]
[Result "1/2-1/2"]
[WhiteElo "2237"]
[BlackElo "2043"]
[PlyCount "36"]
[EventDate "2009.07.11"]
[EventType "swiss"]
[EventRounds "9"]
[EventCountry "AUT"]
[SourceTitle "CBM 131 Extra"]
[Source "ChessBase"]
[SourceDate "2009.09.03"]
[SourceVersion "2"]
[SourceVersionDate "2009.09.16"]
[SourceQuality "1"]

1. e4 e6 2. d3 d5 3. Nd2 c5 4. g3 Nc6 5. Bg2 Nf6 6. Ngf3 Be7 7. 0-0 0-0 8. Re1 b5 9. e5 Nd7 10. Nf1 Qc7 11. Bf4 a5 12. h4 b4 13. Ne3 Qb6 14. Ng5 Bb7 15. Ng4 Nd4 16. c3 Nf5 17. Ne3 Nxe3 18. Rxe3 d4 1/2-1/2

[Event "St Veit op-A 28th"]
[Site "St Veit"]
[Date "2009.07.15"]
[Round "5"]
[White "Matt, Stefan"]
[Black "Praznik, Niko"]
[Result "0-1"]
[WhiteElo "2043"]
[BlackElo "2379"]
[PlyCount "60"]
[EventDate "2009.07.11"]
[EventType "swiss"]
[EventRounds "9"]
[EventCountry "AUT"]
[SourceTitle "CBM 131 Extra"]
[Source "ChessBase"]
[SourceDate "2009.09.03"]
[SourceVersion "2"]
[SourceVersionDate "2009.09.16"]
[SourceQuality "1"]

1. e4 g6 2. d4 Bg7 3. Nc3 c6 4. Be3 d5 5. f3 dxe4 6. Bc4 Nf6 7. Nxe4 Nbd7 8. Ne2 0-0 9. c3 Nb6 10. Bb3 Nbd5 11. Nxf6+ exf6 12. Bxd5 Qxd5 13. 0-0 g5 14. Bf2 f5 15. Qd3 f4 16. c4 Bf5 17. Qb3 Qd7 18. Rad1 Rfe8 19. Rfe1 Re7 20. d5 Rae8 21. Kf1 cxd5 22. cxd5 Qd6 23. Rd2 Qa6 24. d6 Rxe2 25. Rdxe2 Rxe2 26. Rxe2 Bd3 27. d7 Bxe2+ 28. Ke1 Bf6 29. Qc2 Bc4 30. Bxa7 Qxa7 0-1

[Event "St Veit op-A 28th"]
[Site "St Veit"]
[Date "2009.07.14"]
[Round "4"]
[White "Wilfling, Hermann"]
[Black "Matt, Stefan"]
[Result "0-1"]
[WhiteElo "2168"]
[BlackElo "2043"]
[PlyCount "57"]
[EventDate "2009.07.11"]
[EventType "swiss"]
[EventRounds "9"]
[EventCountry "AUT"]
[SourceTitle "CBM 131 Extra"]
[Source "ChessBase"]
[SourceDate "2009.09.03"]
[SourceVersion "2"]
[SourceVersionDate "2009.09.16"]
[SourceQuality "1"]

1. d4 f5 2. c4 Nf6 3. Nf3 d6 4. g3 g6 5. Bg2 Bg7 6. 0-0 0-0 7. Nc3 Nc6 8. d5 Ne5 9. Nxe5 dxe5 10. Qb3 e6 11. Rd1 Qe7 12. Bd2 a5 13. Rac1 e4 14. Be1 Kh8 15. Nb5 Ne8 16. Bc3 Qc5 17. Bxg7+ Kxg7 18. Qc3+ Kg8 19. Qd4 Qxd4 20. Rxd4 Ra6 21. e3 exd5 22. cxd5 c6 23. dxc6 bxc6 24. Nd6 c5 25. Nxe8 cxd4 26. Rxc8 Kf7 27. exd4 Rxe8 28. Rc5 Rd8 29. d5 0-1

[Event "St Veit op-A 28th"]
[Site "St Veit"]
[Date "2009.07.12"]
[Round "2"]
[White "Kniest, Oliver"]
[Black "Matt, Stefan"]
[Result "1/2-1/2"]
[WhiteElo "2305"]
[BlackElo "2043"]
[PlyCount "50"]
[EventDate "2009.07.11"]
[EventType "swiss"]
[EventRounds "9"]
[EventCountry "AUT"]
[SourceTitle "CBM 131 Extra"]
[Source "ChessBase"]
[SourceDate "2009.09.03"]
[SourceVersion "2"]
[SourceVersionDate "2009.09.16"]
[SourceQuality "1"]

1. d4 f5 2. c4 Nf6 3. Nc3 g6 4. g3 Bg7 5. Bg2 0-0 6. Nf3 d6 7. 0-0 Nc6 8. d5 Ne5 9. Nxe5 dxe5 10. e4 f4 11. gxf4 exf4 12. e5 Ng4 13. e6 Ne5 14. Qb3 f3 15. Bh3 g5 16. Re1 Qe8 17. Ne4 Qh5 18. Bf1 Ng4 19. h3 Be5 20. Bxg5 Nh2 21. Qd3 Bxe6 22. Ng3 Bxg3 23. Rxe6 Qxg5 24. fxg3 Qxg3+ 25. Kh1 Ng4 1/2-1/2

[Event "St Veit op-A 27th"]
[Site "St Veit"]
[Date "2008.07.12"]
[Round "8"]
[White "Saringer, Hubert"]
[Black "Matt, Stefan"]
[Result "0-1"]
[WhiteElo "1867"]
[BlackElo "2097"]
[PlyCount "44"]
[EventDate "2008.07.05"]
[EventType "swiss"]
[EventRounds "9"]
[EventCountry "AUT"]
[SourceTitle "CBM 125 Extra"]
[Source "ChessBase"]
[SourceDate "2008.09.01"]
[SourceVersion "1"]
[SourceVersionDate "2008.09.01"]
[SourceQuality "1"]

1. d4 f5 2. e4 fxe4 3. Qh5+ g6 4. Qh4 Nf6 5. f3 d5 6. Bg5 Bg7 7. Nc3 c6 8. 0-0-0 b5 9. fxe4 b4 10. Na4 Nxe4 11. Nc5 Nxg5 12. Qxg5 Bf6 13. Qh6 e5 14. Kb1 Qe7 15. h4 e4 16. Be2 Nd7 17. Nb3 a5 18. Qe3 a4 19. Nc5 Nxc5 20. dxc5 Qe5 21. c3 bxc3 22. bxc3 Qxc3 0-1

[Event "St Veit op-A 27th"]
[Site "St Veit"]
[Date "2008.07.06"]
[Round "2"]
[White "Matt, Stefan"]
[Black "Bodner, Alfred"]
[Result "0-1"]
[WhiteElo "2097"]
[BlackElo "1988"]
[PlyCount "56"]
[EventDate "2008.07.05"]
[EventType "swiss"]
[EventRounds "9"]
[EventCountry "AUT"]
[SourceTitle "CBM 125 Extra"]
[Source "ChessBase"]
[SourceDate "2008.09.01"]
[SourceVersion "1"]
[SourceVersionDate "2008.09.01"]
[SourceQuality "1"]

1. d4 Nf6 2. Nc3 d5 3. f3 Bf5 4. e4 dxe4 5. fxe4 Nxe4 6. Qf3 Nd6 7. Bf4 Bc8 8. 0-0-0 g6 9. Be5 Bh6+ 10. Kb1 0-0 11. h4 f6 12. Bxd6 cxd6 13. g4 e6 14. h5 g5 15. d5 e5 16. Bd3 Rf7 17. Nge2 Nd7 18. Ng3 Nc5 19. Bg6 Rg7 20. Nf5 Bxf5 21. Bxf5 b5 22. b4 Na4 23. Ne4 Rc7 24. Nxf6+ Qxf6 25. Be6+ Kg7 26. Qxf6+ Kxf6 27. Rdf1+ Kg7 28. Rf5 Rf8 0-1

[Event "Seefeld op 18th"]
[Site "Seefeld"]
[Date "2007.09.05"]
[Round "5"]
[White "Matt, Stefan"]
[Black "Schnegg, Martin"]
[Result "1/2-1/2"]
[WhiteElo "1875"]
[BlackElo "1931"]
[PlyCount "32"]
[EventDate "2007.09.01"]
[EventType "swiss"]
[EventRounds "9"]
[EventCountry "AUT"]
[SourceTitle "EXT 2009"]
[Source "ChessBase"]
[SourceDate "2008.11.26"]
[SourceVersion "1"]
[SourceVersionDate "2008.11.26"]
[SourceQuality "1"]

1. d4 d5 2. e4 c6 3. e5 Bf5 4. g4 Bg6 5. f4 e6 6. Nf3 Nd7 7. Bd3 Ne7 8. Nc3 Bxd3 9. Qxd3 h5 10. f5 hxg4 11. fxe6 gxf3 12. exd7+ Qxd7 13. Qxf3 Nf5 14. Ne2 0-0-0 15. Bg5 Re8 16. 0-0-0 f6 1/2-1/2

[Event "Seefeld op 18th"]
[Site "Seefeld"]
[Date "2007.09.03"]
[Round "3"]
[White "Gruber, Michael"]
[Black "Matt, Stefan"]
[Result "1-0"]
[WhiteElo "2160"]
[BlackElo "1875"]
[PlyCount "77"]
[EventDate "2007.09.01"]
[EventType "swiss"]
[EventRounds "9"]
[EventCountry "AUT"]
[SourceTitle "EXT 2009"]
[Source "ChessBase"]
[SourceDate "2008.11.26"]
[SourceVersion "1"]
[SourceVersionDate "2008.11.26"]
[SourceQuality "1"]

1. e4 c5 2. Nf3 e6 3. d4 cxd4 4. Nxd4 a6 5. Nc3 Qc7 6. Bd3 Nf6 7. 0-0 b5 8. Bd2 Bb7 9. Qe2 d6 10. a4 bxa4 11. Rxa4 Be7 12. Rfa1 0-0 13. b4 Nc6 14. Nxc6 Qxc6 15. Bxa6 Nxe4 16. Bxb7 Nxc3 17. Bxc6 Nxe2+ 18. Kf1 Rxa4 19. Bxa4 Nd4 20. c3 Nf5 21. Bc2 g6 22. Ra7 Bf6 23. g4 Ne7 24. g5 Nc8 25. Rd7 Rd8 26. Rc7 Bg7 27. Be3 d5 28. f4 Nd6 29. Bd3 e5 30. b5 e4 31. Be2 Nf5 32. Ba7 d4 33. cxd4 Bxd4 34. Bxd4 Nxd4 35. Bc4 Nf5 36. Bxf7+ Kf8 37. b6 Rb8 38. b7 Nd6 39. Bd5 1-0

[Event "AUT-ch U18"]
[Site "Tschagguns"]
[Date "2006.04.09"]
[Round "2"]
[White "Matt, Stefan"]
[Black "Walkner, Julian"]
[Result "1-0"]
[WhiteElo "1897"]
[BlackElo "1463"]
[PlyCount "91"]
[EventDate "2006.04.09"]
[EventType "swiss"]
[EventRounds "7"]
[EventCountry "AUT"]
[SourceTitle "CBM 111 Extra"]
[Source "ChessBase"]
[SourceDate "2006.05.09"]
[SourceVersion "1"]
[SourceVersionDate "2006.05.09"]
[SourceQuality "1"]

1. Nf3 Nc6 2. d4 d5 3. c4 Nf6 4. Nc3 Bg4 5. e3 e6 6. Bd2 Bb4 7. cxd5 exd5 8. Bb5 0-0 9. 0-0 Qd6 10. a3 Bxc3 11. Bxc3 Ne4 12. Bd3 Qg6 13. Kh1 Qf6 14. Be2 Rfe8 15. Qb3 Qd6 16. h3 Nxc3 17. bxc3 Na5 18. Qb5 Bxf3 19. Bxf3 b6 20. Qxd5 Qxd5 21. Bxd5 Rad8 22. Bf3 Nb3 23. Ra2 c5 24. Rb2 c4 25. a4 Re7 26. Be2 Rc7 27. e4 a6 28. Bd1 Nxd4 29. cxd4 c3 30. Rxb6 c2 31. Bxc2 Rxc2 32. Rxa6 Rc4 33. Rd1 f6 34. f3 Rcxd4 35. Rxd4 Rxd4 36. Kg1 Kf7 37. Ra7+ Kf8 38. Kf2 h6 39. a5 g5 40. a6 Ra4 41. Kg3 h5 42. h4 g4 43. fxg4 hxg4 44. Kf4 Ra2 45. g3 Rf2+ 46. Kxg4 1-0

[Event "Seefeld op 16th"]
[Site "Seefeld"]
[Date "2005.09.20"]
[Round "4"]
[White "Matt, Stefan"]
[Black "Di Lazzaro, Gabriele"]
[Result "1/2-1/2"]
[WhiteElo "1816"]
[BlackElo "2025"]
[PlyCount "65"]
[EventDate "2005.09.17"]
[EventType "swiss"]
[EventRounds "9"]
[EventCountry "AUT"]
[SourceTitle "EXT 2007"]
[Source "ChessBase"]
[SourceDate "2006.11.23"]
[SourceVersion "1"]
[SourceVersionDate "2006.11.23"]
[SourceQuality "1"]

1. Nf3 c5 2. c4 Nc6 3. Nc3 e5 4. d3 d6 5. g3 g6 6. Nd5 Bg7 7. Bg2 Nge7 8. Bg5 Qa5+ 9. Bd2 Qd8 10. 0-0 0-0 11. Bc3 Nxd5 12. cxd5 Ne7 13. e4 Bg4 14. Qb3 b6 15. a4 Qd7 16. Qb5 Qxb5 17. axb5 Bd7 18. Nd2 Bxb5 19. Nc4 Bxc4 20. dxc4 a5 21. f4 f6 22. h4 h5 23. Bh3 Kh7 24. Kh2 Ng8 25. Bd2 Bh6 26. Rf2 Ne7 27. Bc3 g5 28. fxe5 fxe5 29. Raf1 Rxf2+ 30. Rxf2 Kg6 31. Bd2 Rd8 32. Bxg5 Bxg5 33. hxg5 1/2-1/2

[Event "Seefeld op 16th"]
[Site "Seefeld"]
[Date "2005.09.19"]
[Round "3"]
[White "Keller, Manfred"]
[Black "Matt, Stefan"]
[Result "1-0"]
[WhiteElo "2184"]
[BlackElo "1816"]
[PlyCount "37"]
[EventDate "2005.09.17"]
[EventType "swiss"]
[EventRounds "9"]
[EventCountry "AUT"]
[SourceTitle "EXT 2007"]
[Source "ChessBase"]
[SourceDate "2006.11.23"]
[SourceVersion "1"]
[SourceVersionDate "2006.11.23"]
[SourceQuality "1"]

1. d4 f5 2. Nc3 Nf6 3. Bg5 g6 4. f3 Bg7 5. e4 fxe4 6. fxe4 0-0 7. Nf3 h6 8. Bxf6 Bxf6 9. e5 Bg7 10. Bd3 g5 11. Nxg5 Nc6 12. Qh5 e6 13. h4 Ne7 14. Nce4 Nf5 15. Qg6 hxg5 16. Nxg5 Re8 17. Bxf5 exf5 18. Qf7+ Kh8 19. Qxf5 1-0